| 000 | 00579nam a2200205 i 4500 | ||
|---|---|---|---|
| 001 | 151121 | ||
| 003 | ES-MaACL | ||
| 005 | 20250801095122.0 | ||
| 007 | t| | ||
| 008 | 071211s1892 it ||||1| ita d | ||
| 100 | 1 |
_aZigany, Arpad. _9118249 |
|
| 245 | 1 | 0 |
_aLetteratura ungherese / _cdi Zigany Arpad. |
| 260 |
_aMilano : _bU. Hoepli, _c1892. |
||
| 300 |
_aIX, 295 p. ; _c15 cm. |
||
| 490 | 1 |
_aManuali Hoepli ; _v125 |
|
| 650 | 1 | 7 |
_aLiteratura hĂșngara _2embne _914616 |
| 830 | 0 |
_aManuali Hoepli ; _v125 _9180782 |
|
| 852 |
_aES-MaACL _jD-4256 |
||
| 999 |
_c151121 _d151121 |
||